A - Z British authors - Statistics

General Stats
  • This quiz has been taken 108 times
  • The average score is 11 of 25
Answer Stats
Hint Answer % Correct
JA Emma Jane Austen
99%
CB Jane Eyre Charlotte Bronte
95%
GO Animal Farm George Orwell
91%
IF Casino Royale Ian Fleming
89%
LC Alice through the Looking Glass Lewis Carroll
81%
WG Lord of the Flies William Golding
72%
JRRT The Hobbit J.R.R. Tolkien
63%
CD Dombey and Son Charles Dickens
62%
VW Mrs Dalloway Virginia Woolf
59%
JKR A Casual Vacancy J.K. Rowling
58%
GE Mill on the Floss George Eliot
57%
CSL The Silver Chair C.S. Lewis
52%
RK Just so Stories Rudyard Kipling
51%
PP The Golden Compass Philip Pullman
38%
IM On Chesil Beach Ian McEwan
28%
PDJ Shroud for a Nightingale P.D. James
27%
NS A Town like Alice Nevil Shute
20%
KI The Remains of the Day Kazuo Ishiguro
18%
EN Five Children and It E. Nesbit
9%
AU Little Grey Rabbit Alison Uttley
4%
AQ-C On the Art of Writing Arthur Quiller-Couch
4%
RH An Officer and a Spy Robert Harris
4%
SV Miss Garnet's Angel Salley Vickers
1%
BZ Refugee Boy Benjamin Zephaniah
0%
RJY 1066 and All That R.J. Yeatman
0%
No matching quizzes found
Score Distribution
Percent of People with Each Score
Percentile by Number Answered
Your Score History
You have not taken this quiz